00766nam a2200181 4500001000700000003000900007005001700016007000300033008004100036100004400077245015900121260008700280300003000367490001800397710006900415830006800484852003200552132080ES-MaACL20250728062610.0t|070214s1980 sp r ||||1| spa d1 aRodríguez Sánchez de Alva, Alfonso.13aEl suelo como factor de localización industrial b: planteamiento general y análisis del caso español / cpor Alfonso Rodríguez Sánchez de Alva. aMadrid : bCentro de Estudios de Ordenación Territorial y Medio Ambiente,c1980. a298 p. : bil. ; c30 cm.1 aMonografías2 aCentro de Estudios de Ordenación Territorial y Medio Ambiente.00aMonografías (Centro de Estudios Benaventanos "Ledo del Pozo") aES-MaACLjL-5846 bR.106430